Comentarios a la década de Fujimori: la política y el mal /
Saved in:
| Main Author: | |
|---|---|
| Format: | Text |
| Tags: |
Add Tag
No Tags, Be the first to tag this record!
|
MARC
| LEADER | 00000 a a2200000 04500 | ||
|---|---|---|---|
| 001 | 8993 | ||
| 003 | |||
| 040 | |||
| 100 | |a Fallan Carrillo, Ricardo Lenin | ||
| 245 | |a Comentarios a la década de Fujimori: |b la política y el mal / |c Ricardo Lenin Fallan Carrillo | ||
| 773 | |g número 190; páginas 31-40 | ||
| 999 | |c 36969 |d 36969 | ||
